000 01106nam a2200289Ia 4500
003 OSt
005 20221005110554.0
006 a|||||r|||| 00| 0
007 ta
008 221004b |||||||| |||| 00| 0 hin d
020 _a9788126351584 (hbk)
_cINR 160.00
024 _a36987
037 _bBW/1687, 15/03/2018, Bookwell
_cTextual
040 _aCRL
_cCRL
_bhin
041 _2hin
_ahin
082 _aO152,3NRA22,GG, Q3;Q6
100 _aरणेन्द्र, ले.
245 0 _aग्लोबल गॉंव के देवता
246 _aGlobal gaॉanva ke devatā
260 _aनई दिल्ली
_bभारतीय ज्ञानपीठ भारत
_c2016
300 _a100पृ0
_ccm.
490 _aलोकोदय ग्रन्थमाला; ग्रन्थांक 1007
650 _a हिन्दी साहित्य
650 _aहिन्दी कहानी
942 _hO152,3NRA22,GG, Q3;Q6
_cTEXL
_2cc
999 _c1019244
_d1019244